00921nam a22002417a 450000100060000000300080000600500170001400800410003103500190007204000350009104100080012608200250013410000240015924501510018326000470033430000270038150400200040865100420042870000260047094200120049699900170050895201540052528277BD-RjUL20211209051248.0140330s1976 ii ||||| |||| 001 0 eng d a(BD-RjUL)28358 aBD-RjULbengcBD-RjULdBD-RjUL aeng04219a954.02bOVI 19761 aOvington, J.986596 aIndia in the seventeenth century /cBy John Ovington, Edited with an introduction by J. P. Guha.nVol. I :p A voyage to Suratt, in the year 1689. a New Delhi : bAssoc. Publ. House, c1976. aviii, 240 p. ;c21 cm. aIncludes index. 7a India eCommerce x History. 9865971 a Guha, J. P. ,986598 2ddccBK c28277d28277 00102ddc40728NFICaRUCLbRUCLcReadingd1976-04-22eK.P. Bachi & Colcutag40.00l0o954.02 OVI V-1 1976r2014-03-30 00:00:00tC-1w2014-03-30yBK